Normal view MARC view
  • Holmes, E. J.

Entry Personal Name

Number of records used in: 1

001 - CONTROL NUMBER

  • control field: 96385

003 - CONTROL NUMBER IDENTIFIER

  • control field: NUST

005 - DATE AND TIME OF LATEST TRANSACTION

  • control field: 20220803105522.0

008 - FIXED-LENGTH DATA ELEMENTS

  • fixed length control field: 220803|| aca||aabn | a|a d

040 ## - CATALOGING SOURCE

  • Original cataloging agency: NUST
  • Transcribing agency: NUST

100 ## - HEADING--PERSONAL NAME

  • Personal name: Holmes, E. J.
  • Dates associated with a name: 1928-

670 ## - SOURCE DATA FOUND

  • Source citation: Work cat.: (NUST)176969: Gers, Juan M. 96384, Protection of Electricity Distribution Networks /, c2004
© 2023 Central Library, National University of Sciences and Technology. All Rights Reserved.